| 000 | 01238nab a2200241 4500 | ||
|---|---|---|---|
| 003 | AR-RoBPED | ||
| 005 | 20260409090204.0 | ||
| 008 | 260409b |||||||| |||| 00| 0 spa d | ||
| 040 | _aAR-RoBPED | ||
| 041 | _aspa | ||
| 100 | 1 |
_aMiraglia, Flavia C. _930732 _eProfesora en Educación Inicial |
|
| 245 | 1 |
_aInterferencias en los procesos de aprendizaje. _bUna mirada desde el Nivel Inicial y los nuevos escenarios educativos / |
|
| 260 |
_aBuenos Aires : _bNoveduc, _c2025 |
||
| 300 | _a59-61 p. | ||
| 500 | _aEn primera persona, la autora presenta un recorte de la experiencia en una sala de jardín de infantes. Una, entre tantas que describen el sentir y la mirada de una maestra jardinera, que a veces se siente demasiado sola frente a un contexto educativo que, por momentos, desconoce hechos cotidianos e íntimos que ocurren dentro de las aulas. | ||
| 650 | 7 |
_aPROCESOS DE APRENDIZAJE _9906 |
|
| 650 | 7 |
_aNIVEL INICIAL _91213 |
|
| 650 | 0 |
_aJARDINES DE INFANTES _927376 |
|
| 650 | 7 |
_aEXPERIENCIA DEL DOCENTE _914611 |
|
| 773 | 0 |
_020414 _941867 _dBuenos Aires : Noveduc, 1993- _tNovedades Educativas _w(AR-RoBPED)20414 _x03283534 |
|
| 942 |
_2udc _cREV _h37(05) _mNov 86 N° 400 (Febr.2025) _ak.32536 |
||
| 945 | _amar 04/2026 | ||
| 999 |
_c32536 _d32536 |
||